LDR 00578naa#a2200169#i#450# 001 EN\INFRA-M\bibl\126404 005 20260704172701.6 011 ## _a2306-1731 100 ## _a20260623b2026####ek#y0engy0150####ca 102 ## _aRU 200 1# _aThe Genesis of Morality and the Historical Types of Moral Regulation _eJournal article 210 1# _aMoscow _cINFRA-M Academic Publishing LLC. _d2026 215 ## _a5 с. 608 ## _aJournal article _2local 675 ## _aЭтика. Учение о морали. Практическая философия. 17 _z 700 #1 _aOmarova _gL. B. 856 4# _anaukaru.ru _u